00517nam a22001577a 450000500170000001000150001702000260003203500140005803700130007208200080008510000230009324501340011626000400025027000480029030000210033820200213123253.0 aENG-127726 c250.00a9789388927628 aEN-111258 bDBAD/PUB a920 aJotangiya,Paresh N aIris Murdoch as a Postmodern novelist with Reference of her two novels under the net and the sea, the sea/cby Paresh N Jotangiya aAhmedabadc2019bVedant Publication aRajkot, Ahmedabad, Surate360001bAhmedabad a111p.b20cm(pbk)